| 000 | 00441nam a2200169Ia 4500 | ||
|---|---|---|---|
| 003 | SGT | ||
| 020 | _a9789350140666 | ||
| 082 |
_a321.395 _bMAN |
||
| 100 | _aManbas,Pratima | ||
| 245 | _aDigital logic & design | ||
| 260 |
_bS.K. Kataria & SONS _aN.Delhi _c2010 |
||
| 300 | _a615p. | ||
| 650 | _aELECTRONICS ENGINEERING | ||
| 653 | _aFUNDAMENTAL OF DIGITAL TECHNIQUES, LOGIC SIMPLIFICATION | ||
| 700 | _aThakral,Shaveta | ||
| 942 |
_2ddc _cBK |
||
| 999 |
_c5707 _d5707 |
||